| 000 | 00760 a2200217 4500 | ||
|---|---|---|---|
| 001 | 30256 | ||
| 005 | 20260407155614.0 | ||
| 008 | 260407a2005 arg spa d | ||
| 003 | AR-UNSa-BCEJYS | ||
| 040 |
_aAR-UNSa-BCEJYS _bspa _cAR-UNSa-BCEJYS |
||
| 080 |
_a311.3 _xOrganización general de las estadisticas. Estadística oficial |
||
| 245 | 1 | 0 |
_aSinopsis estadística _p2005 |
| 020 | _a978-950-896-368-0 | ||
| 264 | 1 |
_aBuenos Aires : _bINDEC _c2005 |
|
| 300 |
_a49 p. _c18 cm. |
||
| 041 | _aspa | ||
| 942 | _cBK | ||
| 590 | _aniveau_biblio:m niveau_hierar:0 | ||
| 100 | 1 | _aInstituto Nacional de Estadística y Censos (INDEC) | |
| 856 | 4 | 1 |
_uhttps://biblioeco.unsa.edu.ar/pmb/images/revistas/Sinopsis Estadustuca 2005-d00019.jpg _yImagen de portada _qimage/jpeg |
| 999 |
_c2074 _d2074 |
||